02545nam a2200445 i 4500001001200000003000800012006001900020007001500039008004100054020001800095020002700113040003500140035002100175043001200196050002300208082001900231110019600250245034900446264007700795264001200872300005100884336002100935337002300956338003200979504006901011588010001080590014701180610006701327650006701394650005701461650005501518655002201573700002801595700003601623700003301659776025201692797001201944856012601956999001702082ebr10889066CaPaEBRm o d cr cn|||||||||140719t20142014dcua ob 000 0 eng d z9780309296571 a9780309296588 (e-book) aCaPaEBRbengerdaepncCaPaEBR a(OCoLC)880503044 an-us---14aKF27b.N385 2014eb04a353.0087782232 aNational Research Council (U.S.).bBoard on Health Sciences Policy.bCommittee on Ethics Principles and Guidelines for Health Standards for Long Duration and Exploration Spacelights,eauthor.10aHealth standards for long duration and exploration spaceflight :bethics principles, responsibilities, and decision framework /cCommittee on Ethics Principles and Guidelines for Health Standards for Long Duration and Exploration Spacelights, Board on Health Sciences Policy ; Jeffrey Kahn, Catharyn T. Liverman, and Margaret A. McCoy, editors. 1aWashington, District of Columbia :bThe National Academies Press,c2014. 4c�2014 a1 online resource (186 pages) :billustrations atext2rdacontent acomputer2rdamedia aonline resource2rdacarrier aIncludes bibliographical references at the end of each chapters. aDescription based on online resource; title from PDF title page (ebrary, viewed July 17, 2014). aElectronic reproduction. Palo Alto, Calif. : ebrary, 2014. Available via World Wide Web. Access may be limited to ebrary affiliated libraries.10aUnited States.bNational Aeronautics and Space Administration. 0aManned space flightxMoral and ethical aspectszUnited States. 0aManned space flightxRisk managementzUnited States. 0aAstronautsxHealth risk assessmentzUnited States. 0aElectronic books.1 aKahn, Jeffrey,eeditor.1 aLiverman, Catharyn T.,eeditor.1 aMcCoy, Margaret A.,eeditor.08iPrint version:tHealth standards for long duration and exploration spaceflight : ethics principles, responsibilities, and decision framework.dWashington, District of Columbia : The National Academies Press, c2014 hxiii, 172 pages z97803092965712 aebrary.40uhttp://site.ebrary.com/lib/rucke/Doc?id=10889066zAn electronic book accessible through the World Wide Web; click to view c42467d42467